A CTM rendszereinek használata a Feinmechanik GmbH vállalat tendereztetési folyamataiban

Bibliográfiai részletek
Szerző: Brevák Balázs
További közreműködők: Lipák Mária
Dokumentumtípus: Projektmunka
Kulcsszavak:beszállító(k)
informatika
logisztika
rendszerkapcsolatok
szállítmányozás
Online Access:http://dolgozattar.uni-bge.hu/59857

MARC

LEADER 00000nnm a2200000 i 4500
001 dolg59857
005 20260409145647.0
008 260409suuuu hu o 000 hun d
040 |a BGE Dolgozattár Repozitórium  |b hun 
041 |a hu 
100 1 |a Brevák Balázs 
245 1 2 |a A CTM rendszereinek használata a Feinmechanik GmbH vállalat tendereztetési folyamataiban  |c Brevák Balázs  |h [elektronikus dokumentum] 
516 |a Project_work 
520 3 |a Témaválasztásom indokaProjektmunkám témájának meghatározásakor a szakirányomhoz és az érdeklődésemhez legközelebb álló terület kiválasztása volt az elsődleges szempont – amit informatika érdekes, napról napra változó, és folyamatosan fejlődésre késztető világán keresztül szeretnék bemutatni.Az informatika az elmúlt években, évtizedekben hihetetlen mértékben és tempóban fejlődött. Érdekes belegondolnunk abba a ténybe, hogy 4 kilobyte RAM-mal embert küldtünk a Holdra pár évtizeddel ezelőtt, ma pedig a zsebünkben ennek a sokszorosa lapul egy hétköznapi okostelefonban. A közös pont a Holdraszálláshoz használt, és a napjainkban használt informatikai eszközökben az információ mennyisége. Rengeteg információ ömlik ma mindenkire, minden irányból, amelyet kezelnünk kell – ez a kényszer ugyanúgy igaz egy magánszemélyre, mint egy multinacionális nagyvállalatra, egyszerűen megkerülhetetlen.Projektmunkám témájaAz imént leírtak alapján szinte mindenki érintett abban, hogy hogyan és miképp dolgozza fel a kapott információkat, majd mihez kezd azokkal. Aki ma nem megfelelően használja fel ezeket, az lényeges lépéshátrányba kerül másokkal szemben. Ez a lépéshátrány a kereskedelemben nagyon sok problémát tud okozni, végső esetben egy vállalat bukásához is vezethet, ezért szükséges ezeknek a megfelelő módszertannal történő feldolgozása.A kereskedelem szerves része az ellátási lánc, amely során az alapanyagokból termék lesz, melyet a végső felhasználó vesz meg. Ebben a láncban szerepelnek beszállítók, és vevők, közöttük pedig fuvarozók és raktárak segítik az áru mozgatását. Mindegyik szereplőhöz tartoznak információk, és egyiket sem szabad figyelmen kívül hagyni, minden eshetőségek mérlegelni kell.Projektmunkámban vizsgálni fogom, hogy egy ma működő vállalat miként küzdi le azokat az akadályokat, melyek a hihetetlen mennyiségű adatok feldolgozásából fakad, miként értékeli az ellátási lánc szereplőit, hogyan használja fel az így keletkezett újabb információkat, és mely tényezők alapján válogatja meg a partnereit.Projektmunkámat a munkahelyemen szerzett tapasztalataimból írom, melyet helyenként kiegészítek saját meglátásokkal, javaslatokkal 
695 |a beszállító(k) 
695 |a informatika 
695 |a logisztika 
695 |a rendszerkapcsolatok 
695 |a szállítmányozás 
700 1 |a Lipák Mária  |e ths 
856 4 0 |u http://dolgozattar.uni-bge.hu/59857/1/Projektmunka%20-%20Brev%C3%A1k%20Bal%C3%A1zs.pdf  |z Dokumentum-elérés 
856 4 0 |u http://dolgozattar.uni-bge.hu/59857/2/BrevakBir.pdf  |z Dokumentum-elérés